[Event "7. Lichtenberger Sommer"]
[Site "Berlin"]
[Date "2008.08.24"]
[Round "9.75"]
[White "Würsig, Mathias"]
[Black "Schönemann, Manfred"]
[Result "1-0"]
[WhiteElo "1487"]
[BlackElo "1807"]
[PlyCount "53"]
[EventDate "2008.??.??"]
[WhiteTeam "SV Blau-Gelb 1899 Hosena e.V."]
[BlackTeam "SV Turbine Berlin e.V."]

1. b4 e6 2. Bb2 Nf6 3. a3 a6 4. Nf3 c5 5. c3 Nc6 6. g3 d5 7. Bg2 c4 8. O-O Be7
9. a4 O-O 10. d3 Qc7 11. Nbd2 Na7 12. dxc4 dxc4 13. Qc2 Bd7 14. a5 Rac8 15.
Rfd1 Bxb4 16. Nxc4 Bxc3 17. Qxc3 Qxc4 18. Qe3 Ng4 19. Qxa7 Qxe2 20. Qd4 f6 21.
Qxg4 Qxb2 22. Rab1 f5 23. Qf4 Qa2 24. Ra1 Qb2 25. Qd6 Rfd8 26. Ne5 Rc2 27.
Qxe6+ 1-0

[Event "7. Lichtenberger Sommer"]
[Site "Berlin"]
[Date "2008.08.24"]
[Round "9.76"]
[White "Ollek, Karl-Heinz"]
[Black "Jansen, Robert"]
[Result "1/2-1/2"]
[WhiteElo "1861"]
[BlackElo "1274"]
[PlyCount "67"]
[EventDate "2008.??.??"]
[WhiteTeam "SC Friesen Lichtenberg e.V."]
[BlackTeam "SK Gilette"]

1. c4 Nf6 2. Nc3 e6 3. d4 d5 4. Nf3 h6 5. a3 c6 6. e3 Be7 7. Bd3 Nbd7 8. c5 b6
9. b4 Qc7 10. Bd2 O-O 11. Rc1 e5 12. e4 exd4 13. cxb6 Qxb6 14. Na4 Qb8 15. exd5
cxd5 16. O-O Bd6 17. g3 Ne5 18. Nxe5 Bxe5 19. f4 Bd6 20. Kg2 Ng4 21. Rf3 Ne3+
22. Bxe3 dxe3 23. Rxe3 d4 24. Re1 a5 25. Nc5 axb4 26. Be4 Rxa3 27. Qxd4 Qb6 28.
Bd5 Rc3 29. Rxc3 bxc3 30. Nb3 Qxd4 31. Nxd4 Ba6 32. Rc1 Rc8 33. Nc6 Re8 34.
Rxc3 1/2-1/2

[Event "7. Lichtenberger Sommer"]
[Site "Berlin"]
[Date "2008.08.24"]
[Round "9.77"]
[White "Gabriel, Liem Than"]
[Black "Dauer, Carolin"]
[Result "0-1"]
[WhiteElo "1250"]
[BlackElo "1594"]
[PlyCount "92"]
[EventDate "2008.??.??"]
[WhiteTeam "Treptower SV 1949 e.V."]
[BlackTeam "Spgem Kötz/Ichenhausen"]

1. e4 c6 2. d4 d5 3. exd5 cxd5 4. Nf3 Bg4 5. Bf4 e6 6. Nbd2 Bd6 7. Bg3 Nf6 8.
Be2 Nc6 9. O-O O-O 10. c3 Ne7 11. Bxd6 Qxd6 12. Ne5 Bf5 13. Ndf3 Ne4 14. Bd3 f6
15. Bxe4 dxe4 16. Nc4 Qf4 17. Qd2 Qc7 18. Nh4 Qxc4 19. Nxf5 Nxf5 20. Qf4 Qd5
21. Rfe1 Nd6 22. Qg4 Qf5 23. Qg3 Rad8 24. Re2 Qg6 25. Qh3 f5 26. Re3 Qh6 27.
Qxh6 gxh6 28. Rg3+ Kh8 29. f4 Rg8 30. Rxg8+ Rxg8 31. g3 Nc4 32. b3 Nb6 33. c4
Rd8 34. Rd1 Kg7 35. Kf2 Kg6 36. h3 h5 37. h4 Kf6 38. Rd2 Rd7 39. Rd1 Nc8 40.
Rd2 Ne7 41. a3 Ng8 42. Ke3 Nh6 43. Rg2 Ng4+ 44. Kd2 Rxd4+ 45. Kc3 Rd3+ 46. Kb4
e3 0-1

[Event "7. Lichtenberger Sommer"]
[Site "Berlin"]
[Date "2008.08.24"]
[Round "9.78"]
[White "Pozzo, Dominic"]
[Black "Schneider, Eckehard"]
[Result "0-1"]
[WhiteElo "1248"]
[BlackElo "1802"]
[PlyCount "96"]
[EventDate "2008.??.??"]
[WhiteTeam "Richmond Juniors"]
[BlackTeam "Sfrd. Berlin 1903 e.V."]

1. e4 e6 2. d4 d5 3. Nc3 Nf6 4. e5 Nfd7 5. Bd3 c5 6. Bb5 a6 7. Bxd7+ Bxd7 8.
Nf3 Nc6 9. O-O cxd4 10. Nxd4 Nxe5 11. Re1 Bd6 12. Bf4 Qf6 13. Nxd5 exd5 14.
Bxe5 Bxe5 15. Qh5 O-O 16. Qxe5 Qxe5 17. Rxe5 Bc6 18. Rae1 h6 19. Re7 Rac8 20.
c3 Rfd8 21. Nxc6 bxc6 22. Ra7 Re8 23. Rxe8+ Rxe8 24. Kf1 Rb8 25. Rxa6 Rxb2 26.
a4 Ra2 27. a5 Kh7 28. Ra7 Kg6 29. Ra6 f6 30. g3 Kf5 31. Ra8 Ke4 32. a6 Kd3 33.
Ra7 Kxc3 34. Ra8 c5 35. Rg8 g5 36. Rc8 c4 37. Rc6 d4 38. Rxf6 d3 39. Rxh6 Ra1+
40. Kg2 d2 41. Rd6 Kc2 42. Kf3 d1=Q+ 43. Rxd1 Rxd1 44. Kg4 Ra1 45. Kxg5 Rxa6
46. Kf4 Kd3 47. h4 c3 48. h5 c2 0-1

[Event "7. Lichtenberger Sommer"]
[Site "Berlin"]
[Date "2008.08.24"]
[Round "9.79"]
[White "Kornath, Heinrich"]
[Black "Pews, Kristine"]
[Result "1-0"]
[WhiteElo "1970"]
[BlackElo "1757"]
[PlyCount "65"]
[EventDate "2008.??.??"]
[WhiteTeam "SC Friesen Lichtenberg e.V."]
[BlackTeam "USC Viadrina Frankfurt (Oder) e."]

1. e4 g6 2. d4 Bg7 3. c3 c6 4. Bd3 d5 5. h3 Nf6 6. e5 Ng8 7. Be3 h5 8. f4 Nh6
9. Bf2 Bf5 10. Nf3 Bxd3 11. Qxd3 e6 12. Nbd2 Nf5 13. O-O-O b5 14. g4 hxg4 15.
hxg4 Nh6 16. Rdg1 a5 17. Bh4 Qb6 18. Bf6 Kf8 19. Ng5 Qc7 20. Ndf3 Bxf6 21.
Nxe6+ fxe6 22. Qxg6 Qg7 23. Qxf6+ Qxf6 24. exf6 Kg8 25. Ne5 Ra7 26. g5 Nf7 27.
g6 Nxe5 28. fxe5 c5 29. Rxh8+ Kxh8 30. g7+ Kg8 31. Rh1 Rxg7 32. fxg7 cxd4 33.
Rh8+ 1-0

[Event "7. Lichtenberger Sommer"]
[Site "Berlin"]
[Date "2008.08.24"]
[Round "9.80"]
[White "Paris, Gerhard"]
[Black "Grillich, Alexander"]
[Result "0-1"]
[WhiteElo "1696"]
[BlackElo "2032"]
[PlyCount "104"]
[EventDate "2008.??.??"]
[WhiteTeam "TSG Oberschöneweide e.V."]
[BlackTeam "SC Rochade e.V."]

1. e4 c5 2. Nf3 d6 3. Bb5+ Nd7 4. O-O Ngf6 5. Re1 a6 6. Bxd7+ Bxd7 7. c3 e5 8.
d4 Qc7 9. d5 Be7 10. c4 O-O 11. Nc3 b5 12. cxb5 axb5 13. Bg5 h6 14. Bxf6 Bxf6
15. a3 Rfb8 16. Ne2 b4 17. axb4 Rxa1 18. Qxa1 Rxb4 19. Ng3 g6 20. h4 Qb8 21.
Qc1 Bg7 22. Re2 f5 23. h5 gxh5 24. exf5 h4 25. Nh5 Bxf5 26. Nxg7 Kxg7 27. Rd2
Qa8 28. Nxe5 dxe5 29. Qxc5 Rb7 30. d6 Qe8 31. Qd5 Rd7 32. Re2 Kf6 33. f4 e4 34.
b4 Qe6 35. Qd4+ Kg6 36. b5 Qxd6 37. Qxd6+ Rxd6 38. Kf2 Kh5 39. Rb2 Kg4 40. b6
Rd8 41. b7 Rb8 42. Ke3 Kg3 43. Rb5 Bd7 44. Rb6 Kxg2 45. Rg6+ Kf1 46. Rxh6 h3
47. Rb6 Kg2 48. Rg6+ Kh2 49. Rb6 Kg3 50. Rg6+ Bg4 51. Rg7 h2 52. Rh7 Rxb7 0-1

[Event "7. Lichtenberger Sommer"]
[Site "Berlin"]
[Date "2008.08.24"]
[Round "9.81"]
[White "Bockelmann, Rolf"]
[Black "Bauer, Stefan"]
[Result "1-0"]
[WhiteElo "1796"]
[BlackElo "1816"]
[PlyCount "117"]
[EventDate "2008.??.??"]
[WhiteTeam "SG Lasker Steglitz-Wilmersdorf"]
[BlackTeam "SC Kreuzberg e.V."]

1. e4 e5 2. Nf3 Nc6 3. Bc4 Bc5 4. c3 Nf6 5. d4 exd4 6. cxd4 Bb4+ 7. Nc3 Nxe4 8.
O-O Bxc3 9. bxc3 d5 10. Re1 O-O 11. Bd3 f5 12. Qc2 Be6 13. Bf4 Rc8 14. Rac1 Bf7
15. Qb3 Na5 16. Qa4 c6 17. Ne5 b5 18. Qb4 Be8 19. f3 g5 20. fxe4 gxf4 21. exf5
Nc4 22. Ng4 Qg5 23. Be2 Rc7 24. f6 h5 25. h4 Qg6 26. Ne5 Qxf6 27. Bxc4 bxc4 28.
Nf3 Rg7 29. Ng5 Bd7 30. Re5 Bg4 31. Rce1 f3 32. gxf3 Bxf3 33. Qxf8+ Qxf8 34.
Re8 Rxg5+ 35. hxg5 Be4 36. Rxf8+ Kxf8 37. Kh2 Kg7 38. Kg3 Kg6 39. Kf4 a6 40.
Re2 a5 41. a3 a4 42. Rb2 Bf5 43. Rb6 Bd7 44. Rb7 Be8 45. Re7 Bf7 46. Rd7 Be8
47. Rd6+ Kg7 48. Kg3 Kf7 49. Kh4 Kg7 50. Rd8 Bf7 51. Rc8 Be6 52. Rxc6 Bg4 53.
Ra6 Bd1 54. Ra5 Bf3 55. Rxa4 Kg6 56. Ra6+ Kg7 57. a4 Bg4 58. a5 Bc8 59. Rc6 1-0

[Event "7. Lichtenberger Sommer"]
[Site "Berlin"]
[Date "2008.08.24"]
[Round "9.82"]
[White "Glöß, Henrik"]
[Black "Kasper, Peter"]
[Result "1/2-1/2"]
[WhiteElo "1419"]
[BlackElo "1587"]
[PlyCount "104"]
[EventDate "2008.??.??"]
[WhiteTeam "Sfr.Nord-Ost Berlin"]
[BlackTeam "SG Eckturm"]

1. d4 d5 2. Nf3 e6 3. c4 Nf6 4. Nc3 Be7 5. g3 b6 6. b3 O-O 7. Bg2 Bb7 8. Bb2
Nbd7 9. Rc1 c5 10. cxd5 Nxd5 11. Nxd5 Bxd5 12. dxc5 Nxc5 13. O-O Bb7 14. Qxd8
Raxd8 15. b4 Na4 16. Rc7 Bxf3 17. Bxf3 Bxb4 18. Be5 f6 19. Rxa7 fxe5 20. Rxa4
Bd6 21. Bg4 Kf7 22. Ra7+ Kf6 23. Bf3 Rf7 24. Ra6 Bc5 25. a4 Rdd7 26. Rb1 Ra7
27. Rxa7 Rxa7 28. Bc6 Rc7 29. Bf3 Ra7 30. Ra1 Kf5 31. h3 Bb4 32. Bc6 Bc5 33.
Kg2 Rc7 34. Bb5 Bd4 35. Rd1 Kf6 36. Rd2 h6 37. e3 Bc5 38. e4 Bd4 39. g4 Rc3 40.
Re2 Rb3 41. Rc2 Rb2 42. Rxb2 Bxb2 43. h4 Bc1 44. f3 Ke7 45. Bc4 Kd6 46. Kf2 Bf4
47. Ke2 Bc1 48. Kd3 Bf4 49. Bb3 Bc1 50. Kc4 Be3 51. Kb5 Ke7 52. Kc6 Bg1 1/2-1/2

[Event "7. Lichtenberger Sommer"]
[Site "Berlin"]
[Date "2008.08.24"]
[Round "9.83"]
[White "Sampels, Michael"]
[Black "Udet, Fabian"]
[Result "1-0"]
[WhiteElo "1745"]
[BlackElo "1560"]
[PlyCount "71"]
[EventDate "2008.??.??"]
[WhiteTeam "SC EPA"]
[BlackTeam "1. Schachclub Anhalt"]

1. e4 c5 2. Nc3 Nc6 3. Bb5 e6 4. Bxc6 bxc6 5. f4 Ne7 6. Nf3 g6 7. O-O Bg7 8. d3
d6 9. Be3 Qa5 10. Qe1 Rb8 11. Rb1 O-O 12. Nd5 Qd8 13. Nxe7+ Qxe7 14. b4 cxb4
15. Rxb4 Rxb4 16. Qxb4 c5 17. Qe1 Ba6 18. Qh4 Qxh4 19. Nxh4 f5 20. e5 dxe5 21.
fxe5 Bxe5 22. Bxc5 Rc8 23. Bxa7 Rxc2 24. Re1 Rc7 25. Rxe5 Bxd3 26. Bc5 Bc4 27.
a4 Bd5 28. Bf2 Rc4 29. a5 Ra4 30. Be1 Kf7 31. Nf3 Ke7 32. Bc3 Kd6 33. Nd2 Rxa5
34. Nc4+ Bxc4 35. Rxa5 Bd5 36. Ra7 1-0

[Event "7. Lichtenberger Sommer"]
[Site "Berlin"]
[Date "2008.08.24"]
[Round "9.84"]
[White "Krüger, Stefan"]
[Black "Mako, Atila"]
[Result "0-1"]
[WhiteElo "1548"]
[BlackElo "1794"]
[PlyCount "150"]
[EventDate "2008.??.??"]
[WhiteTeam "SC Friesen Lichtenberg e.V."]
[BlackTeam "BSC Rehberge 1945 e.V."]

1. d4 d5 2. c4 e6 3. Nc3 c6 4. Nf3 Bd6 5. e3 Nf6 6. Qc2 Bd7 7. Bd3 O-O 8. O-O
Be8 9. e4 dxe4 10. Nxe4 Nxe4 11. Bxe4 f5 12. Bd3 Nd7 13. c5 Bc7 14. Bc4 Bf7 15.
Qb3 Qf6 16. Qxb7 Rfc8 17. Qb3 h6 18. Re1 Re8 19. Bd2 Rab8 20. Qc2 Bh5 21. Re3
Bxf3 22. Rxf3 Qxd4 23. Rd3 Qe5 24. f4 Qxc5+ 25. Be3 Qe7 26. Bxa7 Bb6+ 27. Bxb6
Rxb6 28. Rc3 Qf6 29. Rd1 Nc5 30. Bb3 Nxb3 31. Rxb3 Reb8 32. Rxb6 Rxb6 33. b3
Rb4 34. g3 e5 35. Qc3 Re4 36. fxe5 Rxe5 37. Qc4+ Re6 38. Re1 Kf7 39. Qxe6+ Qxe6
40. Rxe6 Kxe6 41. Kf2 c5 42. Ke3 Ke5 43. a4 g5 44. h4 Kd5 45. Kd3 Kd6 46. h5
Kc6 47. Kc4 Kd6 48. Kd3 Kd5 49. Ke3 Ke5 50. Kd3 Kd5 51. Ke3 Ke5 52. Kd3 Kd5 53.
Ke3 Kc6 54. Kd3 Kb6 55. Kc4 g4 56. Kd5 f4 57. Ke4 f3 58. Ke3 Ka5 59. Kf2 c4 60.
bxc4 Kxa4 61. c5 Kb5 62. c6 Kxc6 63. Ke3 Kd5 64. Kd3 Ke5 65. Ke3 Kf5 66. Kd3
Kg5 67. Ke3 Kxh5 68. Kd3 Kg5 69. Ke3 h5 70. Kf2 h4 71. gxh4+ Kxh4 72. Kg1 g3
73. Kh1 g2+ 74. Kh2 Kg4 75. Kg1 Kh3 0-1

[Event "7. Lichtenberger Sommer"]
[Site "Berlin"]
[Date "2008.08.24"]
[Round "9.85"]
[White "Winter, Jürgen"]
[Black "Thonig, Manfred"]
[Result "0-1"]
[WhiteElo "1416"]
[BlackElo "1728"]
[PlyCount "116"]
[EventDate "2008.??.??"]
[WhiteTeam "SC Rochade Müncheberg"]
[BlackTeam "SC Starnberg"]

1. e4 g6 2. d4 Bg7 3. Be3 d6 4. Nf3 Nd7 5. c3 e6 6. Bc4 h6 7. Nbd2 Ne7 8. b4 b6
9. Qc2 Bb7 10. a4 Nf6 11. h3 a6 12. Bd3 O-O 13. O-O Qd7 14. b5 Rfd8 15. Rfc1 a5
16. Rd1 Rac8 17. Rac1 Kh8 18. Kf1 Nfg8 19. Nc4 Qe8 20. Qe2 d5 21. Ncd2 g5 22.
e5 Nf5 23. Nh2 Nxe3+ 24. Qxe3 Qe7 25. Ra1 Rf8 26. g4 f6 27. Nhf3 f5 28. gxf5
exf5 29. Bc2 Rce8 30. Re1 Qf7 31. Ke2 Nf6 32. Bxf5 Nh5 33. Bc2 Nf4+ 34. Kd1
Nxh3 35. Rh1 Bc8 36. Rh2 Bg4 37. Qd3 Bxf3+ 38. Kc1 Be4 39. Nxe4 Nf4 40. Qe3
dxe4 41. Qxe4 Qg8 42. Kb2 Ne6 43. Rah1 Rf7 44. Qg6 Nf8 45. Qxg5 Re6 46. Qg4 c6
47. bxc6 Rxc6 48. Bb3 Rg6 49. Qe4 b5 50. Ka3 Ne6 51. Qxg6 Bf8+ 52. Kb2 Qxg6 53.
axb5 Rb7 54. Bc4 Nc7 55. Rh3 Qg2 56. R1h2 Qg5 57. Kc2 Nxb5 58. Rg3 Na3+ 0-1

[Event "7. Lichtenberger Sommer"]
[Site "Berlin"]
[Date "2008.08.24"]
[Round "9.86"]
[White "Apel, Wolfgang"]
[Black "Wolfram, Mike"]
[Result "1-0"]
[WhiteElo "1786"]
[BlackElo "1434"]
[PlyCount "87"]
[EventDate "2008.??.??"]
[WhiteTeam "SV Berolina Mitte e.V."]
[BlackTeam "vereinslos"]

1. c4 e5 2. Nc3 Nf6 3. g3 d5 4. cxd5 Nxd5 5. Bg2 c6 6. e3 Nb4 7. d4 exd4 8.
exd4 Bf5 9. Be4 Qe7 10. Qe2 Bxe4 11. Nxe4 Qe6 12. a3 f5 13. axb4 fxe4 14. Bd2
Nd7 15. O-O-O Qb3 16. Qxe4+ Be7 17. Qc2 Qa2 18. Re1 Qa1+ 19. Qb1 Qxb1+ 20. Kxb1
Kf7 21. f4 Nf6 22. Kc2 Nd5 23. Kb3 b6 24. Nf3 Rhc8 25. Rc1 c5 26. dxc5 bxc5 27.
bxc5 Rab8+ 28. Ka2 Nb4+ 29. Bxb4 Rxb4 30. Ne5+ Kg8 31. Nd3 Rb7 32. Rc2 Rd7 33.
Ne5 Rdc7 34. c6 Bf6 35. Rhc1 Bxe5 36. fxe5 Kf7 37. b4 a6 38. Ka3 Ke6 39. Rc5
Rd8 40. Ka4 Rd2 41. Ka5 Rd5 42. Rxd5 Kxd5 43. Rc5+ Ke6 44. Kxa6 1-0

[Event "7. Lichtenberger Sommer"]
[Site "Berlin"]
[Date "2008.08.24"]
[Round "9.87"]
[White "Schröder, Gert"]
[Black "Junghänel, Dieter"]
[Result "0-1"]
[WhiteElo "1079"]
[BlackElo "1755"]
[PlyCount "58"]
[EventDate "2008.??.??"]
[WhiteTeam "SV Königsjäger Süd-West e.V."]
[BlackTeam "SV Motor Wildau e.V."]

1. Nf3 d5 2. d4 Nf6 3. c4 e6 4. e3 c6 5. Bd3 Nbd7 6. Qc2 h6 7. Nc3 Bd6 8. c5
Bc7 9. Qb1 Qe7 10. b4 e5 11. e4 exd4 12. Nxd4 Ne5 13. O-O Nxd3 14. Qxd3 dxe4
15. Qc2 Bxh2+ 16. Kh1 Be5 17. Nde2 Bg4 18. Bf4 Bxe2 19. Qxe2 Bxf4 20. Rae1 O-O
21. Qc4 Qe5 22. g3 Qh5+ 23. Kg2 Qf3+ 24. Kg1 Bd2 25. Re3 Bxe3 26. Ne2 Bd2 27.
Rb1 Ng4 28. Rf1 e3 29. Nd4 exf2+ 0-1

[Event "7. Lichtenberger Sommer"]
[Site "Berlin"]
[Date "2008.08.24"]
[Round "9.88"]
[White "Winz, Michael"]
[Black "Bauerfeind, Lars"]
[Result "1-0"]
[WhiteElo "1711"]
[BlackElo "1289"]
[PlyCount "73"]
[EventDate "2008.??.??"]
[WhiteTeam "SC Friesen Lichtenberg e.V."]
[BlackTeam "SV Motor Eberswalde e.V."]

1. d4 Nf6 2. Nf3 g6 3. c4 Bg7 4. Nc3 d6 5. e4 c5 6. d5 O-O 7. Be2 Nbd7 8. O-O
Nb6 9. Be3 Bg4 10. Nd2 Bxe2 11. Qxe2 Qd7 12. h3 a6 13. Rab1 Na4 14. Rfc1 Nxc3
15. bxc3 Rab8 16. Bf4 Rfe8 17. e5 Nh5 18. Bh2 Qc8 19. g4 Nf6 20. exf6 exf6 21.
Qf3 Qd7 22. Ne4 f5 23. Nxd6 fxg4 24. hxg4 Red8 25. Ne4 Rbc8 26. Bf4 Re8 27. Nd6
Qa4 28. Nxe8 Rxe8 29. Re1 Rc8 30. Re7 b5 31. Be5 Rf8 32. Bxg7 Kxg7 33. Qf4 Qa5
34. Qe5+ Kg8 35. Qf6 h6 36. Rbe1 Qd8 37. d6 1-0

[Event "7. Lichtenberger Sommer"]
[Site "Berlin"]
[Date "2008.08.24"]
[Round "9.89"]
[White "Berg, Gerd"]
[Black "Kitzler, Gerhard"]
[Result "1-0"]
[WhiteElo "1717"]
[BlackElo "1059"]
[PlyCount "62"]
[EventDate "2008.??.??"]
[WhiteTeam "SK König Tegel 1949 e.V."]
[BlackTeam "SK 1858 Gießen"]

1. c4 e6 2. Nc3 d5 3. d4 c6 4. e3 Bb4 5. Bd2 Nf6 6. Nf3 Qa5 7. a3 Bxc3 8. Bxc3
Qc7 9. Rc1 Nbd7 10. Be2 O-O 11. O-O Ng4 12. h3 Ngf6 13. Qc2 Ne4 14. Bd3 Ndf6
15. cxd5 exd5 16. Ne5 Re8 17. Be1 Rxe5 18. dxe5 Qxe5 19. f4 Qh5 20. Be2 Qg6 21.
g4 Bf5 22. Kh2 Nxg4+ 23. Bxg4 Bxg4 24. hxg4 Qxg4 25. Qg2 Qe6 26. Qh3 Qf6 27.
Bh4 Qxb2+ 28. Qg2 Qxa3 29. Rg1 g6 30. Qe2 Qd6 31. Qb2 b6 1-0

[Event "7. Lichtenberger Sommer"]
[Site "Berlin"]
[Date "2008.08.24"]
[Round "9.90"]
[White "Lippianowski, Stefan"]
[Black "Wierzbicki, Jirawat"]
[Result "1-0"]
[WhiteElo "953"]
[BlackElo "734"]
[PlyCount "45"]
[EventDate "2008.??.??"]
[WhiteTeam "Treptower SV 1949 e.V."]
[BlackTeam "Schachpinguine Berlin"]

1. e4 e5 2. Nf3 d6 3. h3 Nf6 4. Nc3 Be7 5. Nd5 Nxe4 6. Qe2 Nf6 7. Nxf6+ Bxf6 8.
d4 Bd7 9. dxe5 Be7 10. exd6 cxd6 11. c3 O-O 12. Be3 Nc6 13. Nd4 Qc7 14. O-O-O
Rac8 15. Qc2 Nxd4 16. Rxd4 Be6 17. Ra4 a6 18. Bd3 Ra8 19. Bxh7+ Kh8 20. Be4
Rae8 21. Qe2 Rd8 22. Qh5+ Kg8 23. Qh7# 1-0